| 000 | 00447 a2200133 4500 | ||
|---|---|---|---|
| 020 | _a997189873X (unknown binding) | ||
| 020 | _a9789971898731 (unknown binding) | ||
| 090 |
_c5527 _d5527 |
||
| 245 | 0 | 0 | _aStrategic business opportunities in the growth triangle. |
| 260 |
_a[S.l.] : _bLongman, _c1992. |
||
| 300 | _a156 p. | ||
| 856 | 4 | 0 |
_3Amazon.com _uhttp://www.amazon.com/exec/obidos/ASIN/997189873X/chopaconline-20 |
| 942 |
_aNBS _cBK _k658.4012 YEO |
||
| 999 |
_c347931 _d347931 |
||